Finančné zdravie a hospodárenie miestnej samosprávy na Slovensku – súčasné trendy a vybrané priestorové aspekty

Fiškálna decentralizácia a priestorové disparity. Finančné zdravie a hospodárenie miestnej samosprávy. Ukazovatele finančného zdravia a hospodárenia miestnej samosprávy. Vývoj ukazovateľov finančného zdravia a hospodárenia obcí SR.

Saved in:
Bibliographic Details
Main Author: Bulla, Peter
Other Authors: Melichová, Katarína
Format: Book Chapter
Language:Slovak
Subjects:
Tags: Add Tag
No Tags, Be the first to tag this record!

MARC

LEADER 00000nla a2200000 4500
001 0243961
005 20240411151219.2
041 0 |a slo 
044 |a SK 
245 1 0 |a Finančné zdravie a hospodárenie miestnej samosprávy na Slovensku – súčasné trendy a vybrané priestorové aspekty  |c Peter Bulla, Katarína Melichová 
520 |a Fiškálna decentralizácia a priestorové disparity. Finančné zdravie a hospodárenie miestnej samosprávy. Ukazovatele finančného zdravia a hospodárenia miestnej samosprávy. Vývoj ukazovateľov finančného zdravia a hospodárenia obcí SR. 
610 2 0 |a samospráva miestna 
610 2 0 |a zdravie podniku finančné 
610 2 0 |a decentralizácia 
610 2 0 |a obce 
610 2 0 |a Slovensko 
610 2 0 |a hospodárenie finančné 
100 1 |a Bulla, Peter 
700 1 |a Melichová, Katarína